Stavba malé společné antény
Na minha lista:
| Autor principal: | |
|---|---|
| Formato: | Livro |
| Idioma: | tcheco |
| Publicado em: |
Praha :
SNTL,
1978
|
| Tags: |
Sem tags, seja o primeiro a adicionar uma tag!
|
MARC
| LEADER | 00000nam a22000003a 4500 | ||
|---|---|---|---|
| 001 | stu25340 | ||
| 005 | 20150617225745.3 | ||
| 008 | 980401s1978------------------------cze-d | ||
| 040 | |a STU |b slo | ||
| 041 | 0 | |a cze | |
| 080 | |a 621.396.67 |7 stu_us_auth*stu10173 | ||
| 100 | 1 | |a Český, Milan |4 aut | |
| 245 | 1 | |a Stavba malé společné antény | |
| 260 | |a Praha : |b SNTL, |c 1978 | ||
| 996 | |b 284EK04746 |c E*42033 |l EE01 |s A |a 24 |w stu25340_0001 | ||